banner-ar

يوميات الحرب الامريكية المبرمجة على العراق / (Record no. 6086)

MARC details
000 -الفاتح
حقل البيانات ثابتة الطول 00808nam a2200205Ia 4500
008 - عناصر البيانات ثابتة الطول - معلومات عامة
حقل البيانات ثابتة الطول 140319s9999 xx 000 0 ara d
040 ## - مصدر الفهرسة
وكالة الفهرسة الأصلية GCL /
وكالة النسخ GCL
082 04 - رقم تصنيف ديوى العشرى
رقم التصنيف 327.11
رقم المادة ع ي
100 1# - المدخل الرئيسى - إسم شخصى
الإسم الشخصى عثمان كامل حسين
245 10 - بيان العنوان
العنوان يوميات الحرب الامريكية المبرمجة على العراق /
بيان المسئوليه,etc عثمان كامل حسين
700 1# - المدخل الاضافى - اسم شخصى
الإسم الشخصى مصطفى ابراهيم الشرقاوى
700 1# - المدخل الاضافى - اسم شخصى
الإسم الشخصى يسرى قنديل
300 ## - الوصف المادى
التعداد 526 ص ؛
أبعاد الوعاء 24 سم
650 04 - المدخل الاضافى بالموضوع-مصطلح موضوعى
مصطلح موضوعي العراق - تاريخ -العصر الحديث
650 04 - المدخل الاضافى بالموضوع-مصطلح موضوعى
مصطلح موضوعي العراق - تاريخ - العصر الحديث - صدام حسين
650 04 - المدخل الاضافى بالموضوع-مصطلح موضوعى
مصطلح موضوعي الاعتداء الامريكى على العراق
942 ## - عناصر المدخل الإضافي( كوها)
مصدر التصنيف او مخطط الترفيف Dewey Decimal Classification
Koha [default] item type كتاب
260 ## - PUBLICATION, DISTRIBUTION, ETC. (IMPRINT)
-- القاهرة :
-- المكتب المصرى الحديث
Holdings
حالة التراجع حالة الفقد حالة تلف ليس للاعارة المكان المؤقت الموقع الحالى تاريخ الاكتساب اجمالي اﻻعارات رقم الطلب الباركود تاريخ اخر مشاهدة تاريخ تفعيل السعر نوع وعاء كوها
        مكتبة القاهرة الكبرى مكتبة القاهرة الكبرى 03/26/2014   327.11\ع ي 12781 03/26/2014 03/26/2014 كتاب
        مكتبة القاهرة الكبرى مكتبة القاهرة الكبرى 03/26/2014   327.11\ع ي 12782 03/26/2014 03/26/2014 كتاب

Powered By

EGPV